00302nam a22001337a 4500020001800000040000700018082001700025110000800042245006600050260002000116300001000136942000700146999001500153 a9789251059814 cHS a572.420 2008 aFAO aGuide to laboratory establishment for plant nutrient analysis aRomebFAOc2008 a204p. cEK c8360d8360